000 00749nam a2200241Ia 4500
003 OSt
005 20220918214445.0
006 a|||||r|||| 00| 0
007 ta
008 220917b |||||||| |||| 00| 0 eng d
024 _a137,607
037 _b15, 10/05/1997, Sheetal
_cTextual
040 _aARTS
_cARTS
_beng
041 _2eng
_aeng
082 _aY:u, N6
100 _aReviere Rebecca Ed.
_9131433
245 0 _aNeeds assessment
_b a creative and practical guide for social scientists edited by Rebecca Reviere
260 _aWashington
_bTaylor and Francis
_c1996
300 _axv,233p.
_ccm.
650 _aSOCIOLOGY
942 _hY:u, N6
_cTEXL
_2CC
999 _c260687
_d260687